000 00709cam a2200205 4500
001 D8399
008 090401t1975 xxu||||| |||| 00| 0 eng d
035 _a(Sirsi) u12718
041 _aeng
050 _a692.3
110 _aRoyal Institution of Chartered Surveyors
_94900
245 _aExtent to which cost is affected by detail, a report by the Research Group appointed by the London (Central London) Branch Quantity Surveyors Committee of the RICS
260 _aLondon
_bStandard Method of Measurement Developme
_c1975
300 _a22p. 30cm
350 _a0
520 _aFiled at SMMDU/11
710 _aCentral London Branch Quantity Surveyors Committee
_92358
942 _n0
948 _c04/03/1997
999 _c87027
_d87027